ASSESSMENT OF THE FACTORS INFLUENCING THE CHOICE OF DISTRIBUTION CHANNELS: (Record no. 215867)

MARC details
000 -LEADER
fixed length control field 00574nam a22001577a 4500
008 - FIXED-LENGTH DATA ELEMENTS--GENERAL INFORMATION
fixed length control field 250709b |||||||| |||| 00| 0 eng d
050 ## - LIBRARY OF CONGRESS CALL NUMBER
Classification number RES HF 5415.I29 .K 57 2012
Item number 1
100 ## - MAIN ENTRY--PERSONAL NAME
Personal name KIPROTICH, NGENO OBADIAH
245 ## - TITLE STATEMENT
Title ASSESSMENT OF THE FACTORS INFLUENCING THE CHOICE OF DISTRIBUTION CHANNELS:
Remainder of title A CASE STUDY OF KISII BOTTLERS LIMITED
260 ## - PUBLICATION, DISTRIBUTION, ETC.
Place of publication, distribution, etc. KISII UNIVERSITY,
Name of publisher, distributor, etc. KISII UNIVERSITY PRESS,
Date of publication, distribution, etc. 2012,
300 ## - PHYSICAL DESCRIPTION
Extent XI, 26 P, ILL;
500 ## - GENERAL NOTE
General note INCLUDES BIBLIOGRAPICAL REFERENCES
650 ## - SUBJECT ADDED ENTRY
Topical term or geographic name entry element Marketing & distribution
942 ## - ADDED ENTRY ELEMENTS (KOHA)
Source of classification or shelving scheme Library of Congress Classification
Koha item type Reference
Holdings
Withdrawn status Lost status Source of classification or shelving scheme Damaged status Not for loan Collection Home library Current library Shelving location Date acquired Inventory number Total checkouts Full call number Barcode Date last seen Copy number Price effective from Koha item type
    Library of Congress Classification     Special Research Kisii University Library Kisii University Library On Display 07/09/2025 45987   THE HF 5415 .I29 .K57 2012 000000015546 07/09/2025 C.1 07/09/2025 Reference